000 00257nam a2200109Ia 4500
008 231212s1976 xx 000 0 und d
041 _aeng
082 _a491.46
100 _aMundke
245 _aElements of Mechanical Tech.
260 _aPune
_bDwara S
_c1976
999 _c957705
_d957705